[Event "M.Botvinnik Memorial 2011"]
[Site "St. Petersburg"]
[Date "2011.08.20"]
[Round "9"]
[White "Tarasova, Viktoriya"]
[Black "Klimentiev, Sergey"]
[Result "1-0"]
[WhiteElo "2290"]
[BlackElo "1698"]
[PlyCount "65"]
[EventDate "2011.08.12"]

1. d4 Nf6 2. c4 e6 3. Nc3 b6 4. e4 d6 5. Bd3 Bb7 6. Nf3 Nbd7 7. O-O Be7 8. h3
O-O 9. Be3 c5 10. d5 exd5 11. exd5 Re8 12. Qc2 h6 13. Bf4 a6 14. a4 Bf8 15. Bh2
Ne5 16. Nxe5 dxe5 17. Rae1 Bd6 18. Qd2 Qd7 19. b3 Re7 20. Bg3 Nh5 21. Ne4 Kh8
22. Bh4 Ree8 23. Bb1 Nf4 24. Qc2 Ng6 25. Nxd6 Qxd6 26. Bg3 Rac8 27. f4 f5 28.
fxe5 Nxe5 29. Qc3 f4 30. Bxf4 Rf8 31. Bxe5 Rxf1+ 32. Rxf1 Qe7 33. Qd3 1-0